00420 2200145 4500001002100000008004100021035002000062245009300082100001000175260004600185084000800231082000800239650001200247990001500259INLIS000000000004783 ind  a0010-0125000490 aBimbingan Kelompok Dengan Teknik Problem Solving Untuk Mencegah Suicidal IdeationcTiara aTiara aPalangka Raya :bPerpustakaan UMPR,c2024 a021 a021 aSKRIPSI a2021023397